| 000 | 00745nam a2200229 i 4500 | ||
|---|---|---|---|
| 001 | 175455 | ||
| 003 | ES-MaACL | ||
| 005 | 20230906215829.0 | ||
| 007 | t| | ||
| 008 | 101028s1991 sp r ||||1| spa d | ||
| 020 | _a84-87511-01-5 | ||
| 080 | _a821.134.2-23"19" | ||
| 100 | 1 |
_aEnríquez, Salvador. _947280 |
|
| 245 | 1 | 4 |
_aUna agenda llena de grasa _b: (drama en un acto) / _cSalvador Enríquez. |
| 260 |
_aAlcalá de Henares (Madrid) : _bTeatro Independiente Alcalaíno, _cD. L. 1991. |
||
| 300 |
_a36 p. ; _c18 cm. |
||
| 490 | 1 |
_aColección nuevos autores ; _v2 |
|
| 710 | 2 |
_aTeatro Independiente Alcalaíno. _9144180 |
|
| 830 | 0 |
_aColección nuevos autores ; _v2 _9189758 |
|
| 852 |
_aES-MaACL _j2262-F-2 |
||
| 999 |
_c175455 _d175455 |
||